=LDR 00000nam 2200000 4500 =001 INLIS000000000029894 =005 20250326100858 =035 ##$$a 0010-061300000029894 =008 250326################g##########0#ind## =041 ##$$a Ind =082 ##$$a F Rom K =090 ##$$a F Rom K, Han a =100 ##$$a Handono, Suryo =245 1#$$a Aji Dharma, Suryo Handono /$c Suryo Handono =260 ##$$a Jakarta :$b Pusat Pembinaan dan Pengembangan Bahasa Departemen Pendidkan dan Kebudayaan,$c 1999 =300 ##$$a 69 hlm, ilus, 21 cm : $b ilus ; $c 21 x 15 cm =650 #4$$a Fiksi Anak-anak =850 ##$$a NBPNMAT =084 ##$$a F Rom K HAN a =990 ##$$a 03710371